KOHA-Header-6

Pakistan Main jellon Kay Quawaid zawabit (Record no. 8162)

000 -LEADER
fixed length control field 00282nam a2200109Ia 4500
100 ## - MAIN ENTRY--AUTHOR NAME
Personal name Dr.Abdul Majeed
245 #0 - TITLE STATEMENT
Title Pakistan Main jellon Kay Quawaid zawabit
260 ## - PUBLICATION, DISTRIBUTION, ETC. (IMPRINT)
Place of publication lahore
Name of publisher Qasim Printer
Year of publication 1999
300 ## - PHYSICAL DESCRIPTION
Number of Pages 538
942 ## - ADDED ENTRY ELEMENTS (KOHA)
Koha item type Books
Holdings
Withdrawn status Lost status Collection code Permanent Location Current Location Shelving location Date acquired Full call number Accession Number Koha item type
    Urdu Literature MAJU MAJU   2019-09-13 954.035 2685 Urdu Literature

Powered by Koha